| Tag |
First Indicator |
Second Indicator |
Subfields |
| LEADER |
00000cam a2200000 i 4500 |
| 001 |
in00000505213 |
| 005 |
20151013061528.0 |
| 008 |
760615s1976 enk 00010 eng d |
| 020 |
|
|
|a 0701121440
|
| 035 |
|
|
|a (OCoLC)02227488
|
| 035 |
|
|
|9 ACD0628AM
|
| 040 |
|
|
|a OSU
|c OSU
|d TXA
|d UtOrBLW
|
| 049 |
|
|
|a TXAM
|c [1492162]
|
| 090 |
|
|
|a PN701
|b .B3 1976a
|
| 100 |
1 |
|
|a Bayley, John,
|d 1925-2015.
|
| 245 |
1 |
4 |
|a The uses of division :
|b unity and disharmony in literature /
|c by John Bayley.
|
| 264 |
|
1 |
|a London :
|b Chatto & Windus,
|c 1976.
|
| 300 |
|
|
|a 248 pages ;
|c 22 cm.
|
| 336 |
|
|
|a text
|b txt
|2 rdacontent
|
| 337 |
|
|
|a unmediated
|b n
|2 rdamedia
|
| 338 |
|
|
|a volume
|b nc
|2 rdacarrier
|
| 650 |
|
0 |
|a Literature, Modern
|x History and criticism.
|
| 999 |
|
|
|a MARS
|
| 999 |
f |
f |
|s 67ebcaef-4e83-37d5-a081-4c6a37743844
|i 61dabb55-51cc-3791-a279-060787aba603
|t 0
|
| 952 |
f |
f |
|p ric
|a Texas A&M University
|b Rellis Campus
|c Joint Library Facility
|d Remote Storage
|t 0
|e PN701 .B3 1976a
|h Library of Congress classification
|i unmediated -- volume
|m A14803670819
|
| 998 |
f |
f |
|a PN701 .B3 1976a
|t 0
|l Remote Storage
|